|
|
|
|
| LEADER |
00791cam a2200193 7i4500 |
| 001 |
0000039337 |
| 005 |
20110607090000.0 |
| 020 |
|
|
|a 9789834266264 (pbk.)
|
| 090 |
0 |
0 |
|a LB2361
|b .K87 2009
|
| 245 |
0 |
0 |
|a Kurikulum universiti dan keperluan untuk memperoleh pekerjaan
|c editor siri Morshidi Sirat ; editor Ambigapathy Pandian.
|
| 260 |
|
|
|a Pulau Pinang:
|b IPPTN,
|c 2009.
|
| 300 |
|
|
|a xxv, 272 p.:
|b ill.;
|c 24 cm.
|
| 490 |
0 |
|
|a Monograf penyelidikan pendidikan tinggi;
|v no.13
|
| 650 |
0 |
0 |
|a Education, Higher --
|x Curricula --
|z Malaysia
|
| 650 |
0 |
0 |
|a Universities and colleges --
|x Curricula --
|z Malaysia
|
| 700 |
0 |
|
|a Morshidi Sirat
|
| 700 |
1 |
|
|a Pandian, Ambigapathy
|
| 999 |
|
|
|a 0000046687
|b BOK
|c OPEN SHELF
|e 1st Floor, Bestari Jaya
|
| 999 |
|
|
|a 0000047613
|b BOK
|c OPEN SHELF
|e 1st Floor, Bestari Jaya
|